[Event "Fagernes op"]
[Site "Fagernes"]
[Date "2020.10.06"]
[Round "3"]
[White "Anfindsen, Andreas Gautestad"]
[Black "Ji, Jiabao Eivind"]
[Result "1-0"]
[WhiteElo "1211"]
[BlackElo "1339"]
[PlyCount "123"]
[EventDate "2020.10.04"]
[EventType "swiss"]
[EventRounds "9"]
[EventCountry "NOR"]
[SourceTitle "EXT 2024"]
[Source "ChessBase"]
[SourceDate "2023.10.10"]
[SourceVersion "1"]
[SourceVersionDate "2023.10.10"]
[SourceQuality "1"]

1. e4 c5 2. c3 Nc6 3. d4 cxd4 4. cxd4 d6 5. Nf3 g6 6. Nc3 Bg7 7. Be3 e6 8. Qd2 a6 9. Be2 b5 10. a3 Nf6 11. b4 Bb7 12. 0-0 0-0 13. Bh6 Ne7 14. Bxg7 Kxg7 15. Bd3 Rc8 16. Rac1 Nc6 17. h3 Qb6 18. Qe3 Nd7 19. Rfe1 e5 20. d5 Nd4 21. Ne2 Nxe2+ 22. Qxe2 Rc7 23. Rxc7 Qxc7 24. Qc2 Qxc2 25. Bxc2 Rc8 26. Bd3 Rc3 27. Be2 Nf6 28. Nd2 Rxa3 29. f3 Ra4 30. Rb1 Ra2 31. Rd1 Rb2 32. Kf1 Nh5 33. Kf2 f5 34. Ke1 Rc2 35. Ra1 Kf6 36. exf5 gxf5 37. g4 Nf4 38. Kd1 Rc3 39. gxf5 Kxf5 40. Ne4 Bxd5 41. Nxc3 Bb3+ 42. Kd2 Nxh3 43. Rxa6 d5 44. Bd3+ Kf4 45. Nxb5 Kxf3 46. Ra3 e4 47. Be2+ Kf2 48. Rxb3 Nf4 49. Rb2 h5 50. Bxh5 Nxh5 51. Nd4 Nf4 52. Kc3+ Ke3 53. b5 Nd3 54. Re2+ Kf4 55. b6 Nc5 56. Kb4 Nb7 57. Rc2 e3 58. Rc7 Nd6 59. Kc5 Ne8 60. Rf7+ Kg4 61. b7 Kg3 62. b8Q+ 1-0

[Event "Fagernes op"]
[Site "Fagernes"]
[Date "2020.10.06"]
[Round "1"]
[White "Anfindsen, Andreas Gautestad"]
[Black "Lien, Mikkel"]
[Result "0-1"]
[WhiteElo "1211"]
[BlackElo "1677"]
[PlyCount "78"]
[EventDate "2020.10.04"]
[EventType "swiss"]
[EventRounds "9"]
[EventCountry "NOR"]
[SourceTitle "EXT 2024"]
[Source "ChessBase"]
[SourceDate "2023.10.10"]
[SourceVersion "1"]
[SourceVersionDate "2023.10.10"]
[SourceQuality "1"]

1. e4 d6 2. d4 Nf6 3. Nc3 g6 4. Nf3 Bg7 5. Bc4 0-0 6. Be3 Nxe4 7. Nxe4 d5 8. Ned2 dxc4 9. Nxc4 Qd5 10. Ncd2 Nd7 11. c4 Qa5 12. 0-0 c6 13. Nb3 Qc7 14. Qd2 e5 15. dxe5 Nxe5 16. Nxe5 Bxe5 17. Bh6 Rd8 18. Qc2 Bxh2+ 19. Kh1 Bf5 20. Qc3 Be5 21. Qb4 a5 22. Qc5 a4 23. Nc1 a3 24. Bg5 f6 25. f4 Bd4 26. Qb4 c5 27. Qe1 axb2 28. Ne2 bxa1Q 29. Nxd4 Qxd4 30. Bh6 Re8 31. Qg3 Re3 32. Qh2 Rxa2 33. Rg1 Rh3 34. gxh3 Be4+ 35. Rg2 Rxg2 36. Qxg2 Qc6 37. Kh2 Bxg2 38. Kg3 Qf3+ 39. Kh4 Qdf2# 0-1